Normal view
MARC view
- Perali F., De Donato A., Daverio G., Falciatore M.G., Santolini L., Buffardi A., Pistacchi P., Andria P., Griffini M., Cavallo M.,
Entry Personal Name
001 - CONTROL NUMBER
- control field: 62577
003 - CONTROL NUMBER IDENTIFIER
- control field:
005 - DATE AND TIME OF LATEST TRANSACTION
- control field: 20250905125610.0
008 - FIXED-LENGTH DATA ELEMENTS
- fixed length control field: 250905|| aca||aabn | a|a d
040 ## - CATALOGING SOURCE
- Original cataloging agency:
- Transcribing agency:
100 ## - HEADING--PERSONAL NAME
- Personal name: Perali F., De Donato A., Daverio G., Falciatore M.G., Santolini L., Buffardi A., Pistacchi P., Andria P., Griffini M., Cavallo M.,
- Personal name: Strumendo L., Ciambriello S., Procentese M., Scarpato R
670 ## - SOURCE DATA FOUND
- Source citation: Work cat.: ()211072: Belletti Francesco 56063, Il minore richiede una famiglia: fare famiglia oggi, 2005